00546nam a2200181 i 4500001000700000003000900007005001700016007000300033008004100036100003400077245007700111250001900188260003500207300003700242650002500279700002900304852003100333126971ES-MaACL20250903011201.0t|070214s1974 sp r ||||1| spa d1 aRey Pastor, Julio,d1888-196210aElementos de matemáticas / cJulio Rey Pastor, A. de Castro Brzezicki. a7ª. ed. corr. aMadrid : bS.A.E.T.A., c1974. aXXIII, 853 p. : bil. ; c24 cm.07aMatemáticas2embne1 aCastro Brzezicki, A. de. aES-MaACLjE-7618 bR.91762